000 00591nam a22002057a 4500
003 OSt
005 20140310182113.0
008 130824t xxu||||| |||| 00| 0 eng d
020 _a0534121861
020 _a9780534121860
050 _aF 1221.L2
_b.M4 1990
082 _aHS 972.004974
_bM17 1990
100 _aMcGee, Jon R.
_913534
245 _aLife, ritual, and religion among the Lacandon Maya /
_cJon R. McGee.
260 _aU.S.A :
_bWadsworth Inc,
_c1990.
300 _a158 p. ;
_c24 cm.
650 _aLacandon Indians
_xReligion and Mythology.
_913535
942 _2lcc
999 _c9415
_d9415